[Event "YUG-ch (Women)"]
[Site "Budva"]
[Date "2002.??.??"]
[Round "?"]
[White "Bjelajac Prokopovic, Olivera"]
[Black "Otovic, Ljiljana"]
[Result "1/2-1/2"]
[WhiteElo "2030"]
[BlackElo "2060"]
[PlyCount "67"]
[EventDate "2002.08.??"]
[EventType "team"]
[EventRounds "9"]
[EventCountry "YUG"]
[SourceTitle "EXT 2003"]
[Source "ChessBase"]
[SourceDate "2002.11.25"]
[SourceVersion "1"]
[SourceVersionDate "2002.11.25"]
[SourceQuality "1"]

1. e4 g6 2. d4 Bg7 3. c3 d5 4. e5 f6 5. f4 Nh6 6. Be2 Nf7 7. Nf3 0-0 8. 0-0 fxe5 9. fxe5 c5 10. Na3 Nc6 11. Kh1 cxd4 12. cxd4 Bf5 13. Be3 Rc8 14. Qd2 a6 15. Rac1 Qa5 16. Rc3 b5 17. Rfc1 Qb6 18. Rc5 Be6 19. Bd3 Na5 20. b4 Nc4 21. Bxc4 bxc4 22. Nb1 Qb7 23. Nc3 Rfd8 24. Ne2 Bg4 25. Ng3 Rb8 26. a3 Bf8 27. Ng5 Nxg5 28. Bxg5 Rdc8 29. Qf4 Be6 30. h4 Bg7 31. Qe3 Bg4 32. Qf4 Be6 33. Qe3 Bg4 34. Qf4 1/2-1/2

[Event "YUG-ch sf (Women)"]
[Site "Belgrade"]
[Date "1999.??.??"]
[Round "10"]
[White "Bjelajac Prokopovic, Olivera"]
[Black "Milovanov, Olga"]
[Result "0-1"]
[WhiteElo "2063"]
[BlackElo "2058"]
[PlyCount "86"]
[EventDate "1999.??.??"]
[EventType "swiss"]
[EventRounds "11"]
[EventCountry "YUG"]
[SourceTitle "EXT 2002"]
[Source "ChessBase"]
[SourceDate "2001.11.25"]
[SourceVersion "1"]
[SourceVersionDate "2001.11.25"]
[SourceQuality "1"]

1. e4 c5 2. Nf3 Nc6 3. d4 cxd4 4. Nxd4 e5 5. Nb5 d6 6. c4 Be7 7. N1c3 a6 8. Na3 Be6 9. Nc2 Nf6 10. Be2 0-0 11. 0-0 Rc8 12. b3 Qc7 13. Nd5 Bxd5 14. exd5 Nb8 15. Ne3 g6 16. f4 Nbd7 17. f5 Qc5 18. Kh1 b5 19. Qe1 bxc4 20. bxc4 Rb8 21. Rf3 Qd4 22. Ba3 Nh5 23. Rd1 Qb6 24. h4 Nf4 25. Bf1 Qd8 26. g3 Nh5 27. Kg2 e4 28. Rf2 Nxg3 29. Kxg3 Bxh4+ 30. Kh3 Ne5 31. Qe2 Bxf2 32. Qxf2 Nf3 33. Qg3 Rb6 34. Be2 Re8 35. Bxf3 exf3 36. Qxf3 Qg5 37. Bc1 Rb1 38. Ng4 Rxc1 39. Rxc1 h5 40. Nf6+ Qxf6 41. Rg1 Re5 42. Qxh5 Rxf5 43. Qe2 Qh8+ 0-1

[Event "YUG-chT (Women)"]
[Site "Vrnjacka Banja"]
[Date "1999.??.??"]
[Round "3"]
[White "Bjelajac Prokopovic, Olivera"]
[Black "Shumiakina, Tatiana"]
[Result "0-1"]
[WhiteElo "2030"]
[BlackElo "2352"]
[PlyCount "71"]
[EventDate "1999.08.??"]
[EventType "team"]
[EventRounds "9"]
[EventCountry "YUG"]
[SourceTitle "EXT 2000"]
[Source "ChessBase"]
[SourceDate "1999.11.16"]
[SourceVersion "1"]
[SourceVersionDate "1999.11.16"]
[SourceQuality "1"]

1. e4 c5 2. Nf3 Nc6 3. d4 cxd4 4. Nxd4 Nf6 5. Nc3 e6 6. Ndb5 d6 7. Bf4 e5 8. Bg5 a6 9. Na3 b5 10. Nd5 Be7 11. Nxe7 Nxe7 12. f3 d5 13. exd5 Nexd5 14. c4 bxc4 15. Bxc4 0-0 16. Qd2 Bb7 17. Bxd5 Qxd5 18. Qxd5 Nxd5 19. Kf2 Rfc8 20. Bd2 a5 21. Rhc1 Nb4 22. Rxc8+ Rxc8 23. Bc3 Nd3+ 24. Kg1 e4 25. fxe4 Bxe4 26. Rd1 a4 27. Nb5 Rc6 28. Rd2 h5 29. Re2 f5 30. Re3 Rb6 31. Nd4 Nxb2 32. Rg3 h4 33. Rg5 Nd3 34. Kf1 g6 35. g3 h3 36. Ke2 0-1

[Event "YUG-ch sf (Women)"]
[Site "Belgrade"]
[Date "1999.??.??"]
[Round "7"]
[White "Ivanovic, Jelena"]
[Black "Bjelajac Prokopovic, Olivera"]
[Result "1-0"]
[WhiteElo "2046"]
[BlackElo "2063"]
[PlyCount "81"]
[EventDate "1999.??.??"]
[EventType "swiss"]
[EventRounds "11"]
[EventCountry "YUG"]
[SourceTitle "EXT 2002"]
[Source "ChessBase"]
[SourceDate "2001.11.25"]
[SourceVersion "1"]
[SourceVersionDate "2001.11.25"]
[SourceQuality "1"]

1. e4 d5 2. exd5 Qxd5 3. Nc3 Qa5 4. d4 Nf6 5. Bd3 c6 6. Nf3 Bg4 7. 0-0 Qh5 8. Be2 e6 9. Bf4 Nbd7 10. a3 Nb6 11. h3 Bxf3 12. Bxf3 Qf5 13. Bh2 Rd8 14. Ne2 Bd6 15. c3 Bxh2+ 16. Kxh2 0-0 17. Qc1 Rfe8 18. Ng3 Qg6 19. Re1 h6 20. a4 Nc4 21. a5 a6 22. b3 Nd6 23. Qb2 Nf5 24. Nxf5 Qxf5 25. b4 Qf4+ 26. Kg1 e5 27. Rxe5 Rxe5 28. dxe5 Qxe5 29. Qc2 Rd7 30. Rb1 g6 31. c4 Kg7 32. b5 cxb5 33. cxb5 axb5 34. Qb2 Qf4 35. Qxb5 Rc7 36. Bxb7 Rc2 37. Qb6 Nh5 38. a6 Rc1+ 39. Rxc1 Qxc1+ 40. Kh2 Qf4+ 41. g3 1-0

[Event "YUG-chT (Women)"]
[Site "Tivat"]
[Date "1995.??.??"]
[Round "11"]
[White "Maksimovic, Suzana"]
[Black "Bjelajac Prokopovic, Olivera"]
[Result "1-0"]
[WhiteElo "2190"]
[BlackElo "2080"]
[PlyCount "71"]
[EventDate "1995.??.??"]
[EventType "team"]
[EventRounds "11"]
[EventCountry "YUG"]
[SourceTitle "EXT 1997"]
[Source "ChessBase"]
[SourceDate "1996.11.15"]
[SourceVersion "1"]
[SourceVersionDate "1996.11.15"]
[SourceQuality "1"]

1. c4 e5 2. Nc3 d6 3. g3 g6 4. Bg2 Bg7 5. e3 Ne7 6. Nge2 0-0 7. 0-0 f5 8. d3 Nbc6 9. Bd2 Rb8 10. a3 a6 11. Qc2 Kh8 12. b4 b5 13. cxb5 axb5 14. Rac1 Bd7 15. f4 Na7 16. fxe5 dxe5 17. d4 c6 18. dxe5 Bxe5 19. Nf4 Bg7 20. Nce2 Qe8 21. Bc3 g5 22. Bxg7+ Kxg7 23. Qc3+ Rf6 24. Rfd1 gxf4 25. Rd6 Ng8 26. Rcd1 Rb7 27. Nxf4 Nc8 28. R6d3 Nb6 29. Bf3 Kf8 30. Nh5 Qe7 31. Nxf6 Qxf6 32. Qc5+ Kg7 33. Rd6 Qf7 34. e4 Na4 35. Qd4+ Nf6 36. e5 1-0

[Event "YUG-chT2"]
[Site "Yugoslavia"]
[Date "1994.??.??"]
[Round "1"]
[White "Spajic, Lidija"]
[Black "Bjelajac Prokopovic, Olivera"]
[Result "1-0"]
[WhiteElo "2020"]
[BlackElo "2080"]
[PlyCount "73"]
[EventDate "1994.??.??"]
[EventType "team"]
[EventRounds "11"]
[EventCountry "YUG"]
[SourceTitle "EXT 1997"]
[Source "ChessBase"]
[SourceDate "1996.11.15"]
[SourceVersion "1"]
[SourceVersionDate "1996.11.15"]
[SourceQuality "1"]

1. e4 d5 2. exd5 Qxd5 3. Nc3 Qa5 4. d4 Nf6 5. Nf3 c6 6. Bc4 Bg4 7. 0-0 Qh5 8. Be2 e6 9. h3 Bxf3 10. Bxf3 Qh4 11. Re1 Nbd7 12. Ne4 h6 13. Kf1 Bb4 14. c3 Be7 15. Ng3 0-0 16. Qb3 Rab8 17. Rxe6 Ng4 18. Bxg4 fxe6 19. Qxe6+ Kh8 20. Nf5 Rxf5 21. Bxf5 Nf8 22. Qe4 Qf6 23. Qe5 Re8 24. Qxf6 Bxf6 25. Bf4 g6 26. Bd3 Kg7 27. a4 g5 28. Bg3 Nd7 29. a5 Re7 30. Bf5 Nf8 31. Bd6 Re8 32. a6 b6 33. Re1 Rd8 34. Bc7 Ra8 35. f3 Kf7 36. Kf2 Bd8 37. Bd6 1-0

[Event "YUG-ch (Women)"]
[Site "Belgrade"]
[Date "1993.??.??"]
[Round "3"]
[White "Bjelajac Prokopovic, Olivera"]
[Black "Boskovic, Malina"]
[Result "0-1"]
[WhiteElo "2125"]
[BlackElo "2080"]
[PlyCount "58"]
[EventDate "1993.??.??"]
[EventType "swiss"]
[EventRounds "11"]
[EventCountry "YUG"]
[SourceTitle "EXT 2002"]
[Source "ChessBase"]
[SourceDate "2001.11.25"]
[SourceVersion "1"]
[SourceVersionDate "2001.11.25"]
[SourceQuality "1"]

1. e4 e6 2. d4 d5 3. e5 c5 4. c3 Bd7 5. Nf3 Qb6 6. a4 Nc6 7. Na3 cxd4 8. cxd4 Bb4+ 9. Ke2 Nge7 10. Nc2 Ba5 11. g4 Rc8 12. Qd3 Nb4 13. Nxb4 Qxb4 14. Bd2 Qb6 15. Bxa5 Qxa5 16. Ke3 Qb4 17. Qa3 Qb6 18. Bd3 Nc6 19. Rhc1 a5 20. Rc3 Nb4 21. Rxc8+ Bxc8 22. Rc1 Bd7 23. Bb5 Bxb5 24. axb5 Qxb5 25. Kd2 0-0 26. Rc5 Qf1 27. Rxa5 Qxf2+ 28. Kc3 Qc2+ 29. Kxb4 Qc4# 0-1

[Event "YUG-ch (Women)"]
[Site "Belgrade"]
[Date "1993.??.??"]
[Round "10"]
[White "Jevtic, Bojana"]
[Black "Bjelajac Prokopovic, Olivera"]
[Result "1-0"]
[WhiteElo "2060"]
[BlackElo "2125"]
[PlyCount "34"]
[EventDate "1993.??.??"]
[EventType "swiss"]
[EventRounds "11"]
[EventCountry "YUG"]
[SourceTitle "EXT 2002"]
[Source "ChessBase"]
[SourceDate "2001.11.25"]
[SourceVersion "1"]
[SourceVersionDate "2001.11.25"]
[SourceQuality "1"]

1. e4 c5 2. Nf3 Nc6 3. d4 cxd4 4. Nxd4 Nf6 5. Nc3 e6 6. Nxc6 bxc6 7. Bd3 d5 8. 0-0 d4 9. Ne2 e5 10. h3 Be7 11. f4 Nd7 12. Ng3 exf4 13. Bxf4 Nc5 14. Nh5 0-0 15. Qf3 Nxd3 16. cxd3 Be6 17. Qg3 f6 1-0

[Event "Belgrade (Women)"]
[Site "Belgrade"]
[Date "1987.??.??"]
[Round "6"]
[White "Lematschko, Tatjana"]
[Black "Bjelajac Prokopovic, Olivera"]
[Result "1-0"]
[WhiteElo "2340"]
[BlackElo "2135"]
[PlyCount "107"]
[EventDate "1987.??.??"]
[EventType "tourn"]
[EventRounds "11"]
[EventCountry "YUG"]
[EventCategory "1"]
[SourceTitle "EXT 1997"]
[Source "ChessBase"]
[SourceDate "1996.11.15"]
[SourceVersion "1"]
[SourceVersionDate "1996.11.15"]
[SourceQuality "1"]

1. Nf3 Nf6 2. c4 b6 3. g3 Bb7 4. Bg2 e5 5. d3 d6 6. 0-0 Be7 7. Nc3 Nbd7 8. e4 c5 9. h3 Nf8 10. Nh4 g6 11. f4 Nh5 12. Nf5 Ne6 13. Nxe7 Qxe7 14. f5 Nd4 15. Kh2 0-0-0 16. f6 Qe8 17. Bh6 Kb8 18. Rf2 Qe6 19. Qg4 Bc8 20. Qh4 Bb7 21. Re1 Rhg8 22. a3 Qe8 23. Bf3 Nxf3+ 24. Rxf3 a6 25. a4 Bc6 26. b3 Qd7 27. Qg4 Qb7 28. Qg5 b5 29. Qd2 Qd7 30. axb5 axb5 31. g4 Nf4 32. Bxf4 exf4 33. cxb5 Bxb5 34. Qxf4 Bc6 35. Nd5 Bxd5 36. exd5 Rge8 37. Rfe3 Rxe3 38. Qxe3 Qb7 39. Qe7 Rd7 40. Qe8+ Qc8 41. Kg2 Kc7 42. Qxc8+ Kxc8 43. Re8+ Rd8 44. Re4 Rd7 45. b4 cxb4 46. Rxb4 Rc7 47. g5 Rc5 48. Rc4 Rc7 49. Kf3 Kd8 50. Rh4 Rc5 51. Ke4 Ra5 52. Rxh7 Ra4+ 53. Ke3 Ke8 54. Rh8+ 1-0

[Event "Belgrade (Women)"]
[Site "Belgrade"]
[Date "1987.??.??"]
[Round "3"]
[White "Nutu Gajic, Dana"]
[Black "Bjelajac Prokopovic, Olivera"]
[Result "1/2-1/2"]
[WhiteElo "2335"]
[BlackElo "2135"]
[PlyCount "85"]
[EventDate "1987.??.??"]
[EventType "tourn"]
[EventRounds "11"]
[EventCountry "YUG"]
[EventCategory "1"]
[SourceTitle "EXT 1997"]
[Source "ChessBase"]
[SourceDate "1996.11.15"]
[SourceVersion "1"]
[SourceVersionDate "1996.11.15"]
[SourceQuality "1"]

1. Nf3 f5 2. g3 Nf6 3. Bg2 e6 4. 0-0 c6 5. d4 d5 6. c4 Bd6 7. Qc2 0-0 8. Bf4 Bxf4 9. gxf4 Ne4 10. Nbd2 Rf6 11. Ne5 Nxd2 12. Qxd2 Nd7 13. Rac1 Rh6 14. Rc3 Nf6 15. Rg3 Bd7 16. Rc1 Be8 17. f3 Qe7 18. c5 Rh4 19. e3 Nh5 20. Rh3 Rxh3 21. Bxh3 h6 22. Qf2 Kh7 23. Bf1 Bf7 24. Bd3 Rg8 25. Kh1 Be8 26. Rg1 g5 27. fxg5 Rxg5 28. Rg4 Nf6 29. Rxg5 hxg5 30. Qg2 Qg7 31. e4 dxe4 32. fxe4 fxe4 33. Bxe4+ Nxe4 34. Qxe4+ Bg6 35. Qg4 Qf6 36. Kg1 Bf5 37. Qh5+ Kg7 38. Nf3 g4 39. Ne5 Qd8 40. Kg2 Qxd4 41. Qf7+ Kh6 42. Qf6+ Kh7 43. Qe7+ 1/2-1/2

[Event "YUG-ch34 (Women)"]
[Site "Arandjelovac"]
[Date "1981.04.16"]
[Round "12"]
[White "Bjelajac Prokopovic, Olivera"]
[Black "Macek, Vlasta"]
[Result "1/2-1/2"]
[WhiteElo "2100"]
[BlackElo "2120"]
[PlyCount "128"]
[EventDate "1981.04.05"]
[EventType "tourn"]
[EventRounds "15"]
[EventCountry "SRB"]
[SourceTitle "EXT 2018"]
[Source "ChessBase"]
[SourceDate "2017.10.13"]
[SourceVersion "1"]
[SourceVersionDate "2017.10.13"]
[SourceQuality "1"]

1. e4 c5 2. Nf3 d6 3. d4 cxd4 4. Nxd4 Nf6 5. Nc3 a6 6. a4 e6 7. g3 Be7 8. Bg2 0-0 9. 0-0 Qc7 10. Be3 Nc6 11. f4 Bd7 12. Nb3 b6 13. Qe2 Bc8 14. Kh1 Rb8 15. Rfd1 Nd7 16. Nd2 Na5 17. Nf3 Re8 18. Nd4 Bf8 19. g4 Bb7 20. g5 Nc4 21. Bc1 e5 22. Nf5 exf4 23. Bxf4 Nxb2 24. Nd5 Bxd5 25. Rxd5 Nc4 26. Rad1 Nde5 27. Bf1 Rbc8 28. R1d4 Qc6 29. Bxe5 Nxe5 30. Ne3 Qc3 31. Qf2 Rc5 32. Bxa6 Nc6 33. Rc4 Qa5 34. Bb5 Rc8 35. Rcxc5 bxc5 36. Nc4 Qc7 37. Bxc6 Qxc6 38. a5 Qa6 39. Qe2 Rb8 40. Qd3 Rb4 41. Nxd6 Qxa5 42. Nf5 Qc7 43. Ng3 Qf4 44. Rf5 Qc7 45. Rd5 Rd4 46. Rxd4 cxd4 47. Qxd4 Qxc2 48. Qd8 g6 49. Qd5 Qc1+ 50. Kg2 Be7 51. h4 h6 52. Qd7 Qb2+ 53. Kh3 Qe5 54. Qe8+ Kg7 55. gxh6+ Kxh6 56. Qxf7 Bd6 57. Qf3 Qxg3+ 58. Qxg3 Bxg3 59. Kxg3 g5 60. hxg5+ Kxg5 61. Kf3 Kf6 62. Kf4 Ke6 63. e5 Ke7 64. Kf5 Kf7 1/2-1/2